|
|
|
|
| LEADER |
00744pam a22002418a 4500 |
| 001 |
00037536 |
| 005 |
20171026081025.0 |
| 008 |
170513s1983 ||||||Viesd |
| 041 |
0 |
# |
|a Vie
|
| 082 |
1 |
4 |
|a 781.62
|b Â120NH
|
| 100 |
1 |
# |
|a Tô, Ngọc Thanh
|
| 110 |
1 |
# |
|a Nhạc viện Hà Nội
|
| 245 |
1 |
0 |
|a Âm nhạc dân gian Việt Nam
|c Tô Ngọc Thanh
|
| 260 |
# |
# |
|a Hà Nội
|c 1983
|
| 653 |
# |
# |
|a Việt Nam
|
| 653 |
# |
# |
|a âm nhạc dân gian Việt Nam
|
| 653 |
# |
# |
|a âm nhạc
|
| 852 |
# |
# |
|b Kho mượn
|j KM.0022241
|
| 852 |
# |
# |
|b Kho đọc
|j KD.0021163
|
| 852 |
# |
# |
|j KD.0021163
|j KM.0022241
|
| 910 |
|
|
|d 13/05/2017
|
| 980 |
# |
# |
|a Trung tâm Học liệu Lê Vũ Hùng, Trường Đại học Đồng Tháp
|